Западноевропейское искусство второй половины XIX века (Запись № 5247826)

Подробности
000 -МАРКЕР
контрольное поле 01572nam0a22003131 4500
001 - ИДЕНТИФИКАТОР ЗАПИСИ
контрольное поле rc\3799176
005 - ИДЕНТИФИКАТОР ВЕРСИИ
контрольное поле 20210204165722.0
021 ## - НОМЕР ГОСУДАРСТВЕННОЙ РЕГИСТРАЦИИ
Код страны Российская Федерация
Номер [75-102528]
035 ## - ДРУГИЕ СИСТЕМНЫЕ НОМЕРА
Идентификатор записи (NLR Aleph) 007255182
100 ## - ДАННЫЕ ОБЩЕЙ ОБРАБОТКИ
Данные общей обработки 20120311d1975 |||y0rusy50 ca
101 0# - ЯЗЫК РЕСУРСА
Язык текста, звукозаписи и т.д. русский
102 ## - СТРАНА ПУБЛИКАЦИИ ИЛИ ПРОИЗВОДСТВА
Страна публикации Российская Федерация
105 ## - ПОЛЕ КОДИРОВАННЫХ ДАННЫХ: ТЕКСТОВЫЕ МАТЕРИАЛЫ, МОНОГРАФИЧЕСКИЕ
Кодированные данные о монографическом текстовом документе a z |||||
200 1# - ЗАГЛАВИЕ И СВЕДЕНИЯ ОБ ОТВЕТСТВЕННОСТИ
Основное заглавие Западноевропейское искусство второй половины XIX века
Сведения, относящиеся к заглавию Сборник статей
Первые сведения об ответственности [Гос. музей изобразит. искусств им. А.С. Пушкина
Последующие сведения об ответственности Под общ. ред. Б.Р. Виппера, И.Е. Даниловой]
210 ## - ПУБЛИКАЦИЯ, РАСПРОСТРАНЕНИЕ И ДР.
Место издания, распространения и т.д. Москва
Имя издателя, распространителя и т. д. Искусство
Дата издания, распространения и т.д. 1975
215 ## - ФИЗИЧЕСКАЯ ХАРАКТЕРИСТИКА
Специфическое обозначение материала и объем 208 с., 44 л. ил.
Размеры 27
320 ## - ПРИМЕЧАНИЯ О НАЛИЧИИ В ДОКУМЕНТЕ БИБЛИОГРАФИИ / УКАЗАТЕЛЯ
Текст примечания Списки лит. в примеч. в конце статей
532 11 - РАСШИРЕННОЕ ЗАГЛАВИЕ
Заглавие Западноевропейское искусство второй половины девятнадцатого века
606 ## - НАИМЕНОВАНИЕ ТЕМЫ КАК ПРЕДМЕТ
Наименование темы Западноевропейское изобразительное искусство
Хронологический подзаголовок 19 в.
Формальный подзаголовок Сборники
Код системы psbo
702 #1 - ИМЯ ЛИЦА - ВТОРИЧНАЯ ОТВЕТСТВЕННОСТЬ
Начальный элемент ввода Данилова
Часть имени, кроме начального элемента ввода И. Е.
Дополнения к именам, кроме дат искусствовед
Даты 1922-2012
Расширение инициалов личного имени Ирина Евгеньевна
Идентификатор авторитетной/нормативной записи RU\NLR\AUTH\7723460
Код отношения Редактор
702 #1 - ИМЯ ЛИЦА - ВТОРИЧНАЯ ОТВЕТСТВЕННОСТЬ
Начальный элемент ввода Виппер
Часть имени, кроме начального элемента ввода Б. Р.
Расширение инициалов личного имени Борис Робертович
Код отношения Редактор
712 02 - НАИМЕНОВАНИЕ ОРГАНИЗАЦИИ - ВТОРИЧНАЯ ОТВЕТСТВЕННОСТЬ
Начальный элемент ввода Музей изобразительных искусств им. А. С. Пушкина
Идентифицирующий признак Москва
Идентификатор авторитетной/нормативной записи RU\NLR\AUTH\883002
801 #0 - ИСТОЧНИК ЗАПИСИ
Страна Российская Федерация
Организация NLR
Правила каталогизации psbo
801 #1 - ИСТОЧНИК ЗАПИСИ
Страна Российская Федерация
Организация ELAR
Источник данных rusmarc
852 ## - МЕСТОНАХОЖДЕНИЕ И ШИФР ХРАНЕНИЯ
Идентификатор организации NLR
Шифр хранения (Call Number) 76-7/286
942 ## - ДОПОЛНИТЕЛЬНЫЕ ЭЛЕМЕНТЫ ЗАПИСИ (АБИС)
Тип экземпляра АБИС Книга
980 ## - КОЛЛЕКЦИЯ
Название коллекции Национальная библиография
Экземпляры
Тип экземпляра Дата поступления Библиотека постоянного хранения Библиотека текущего хранения Место хранения Шифр хранения Штрих-код Статус экземпляра Источник поступления Стоимость
Книга 26.10.2013 РНБ (Московский) РНБ (Московский) Русский книжный фонд: издания с 1957 года 76-7/286 1-1042197      
Книга 22.04.2014 РНБ (Московский) РНБ (Московский) Фонд общего зала литературы по филологии, педагогике и искусству (гуманитарной литературы) Л1 Щ10я43/З-301 1-462339     2.69
Книга 25.12.2014 РНБ (Московский) РНБ (Московский) Русский книжный фонд: издания с 1957 года 76-7/286 1-784245      
Книга 16.02.2014 РНБ (Садовая) РНБ (Садовая) Фонд научного зала литературы и искусства Нз Щ103/З-301 1-358939   Подсобные фонды РНБ 120.00
Книга 20.03.2015 РНБ (Фонтанка) РНБ (Фонтанка) Юношеский читальный зал Ю Щ03(4-8)/З-30 1-852363   Источник неизвестен